00834nam a2200193 i 450000100060000000300090000600500170001500700030003200800410003510000400007624501060011626001050022230000300032749000520035783000600040985200320046999900170050195201220051874409ES-MaACL20230906172125.0t|040917s1964 sp ||||1| spa d1 aGonzález Ollé, Fernando.95884613aEl habla de la Bureba b: introducción al castellano actual de Burgos / cFernando González Olle. aMadrid : bConsejo Superior de Investigaciones Científicas, Instituto Miguel de Cervantes, c1964. a258 p. : bil. ; c26 cm.1 aRevista de Filología española. Anejo ; v780 aRevista de Filología española. Anejo ; v789182615 aES-MaACLjC-27319 bR.56194 c74409d74409 00104070aATENEOMbATENEOMcDEPO2d2008-01-17eSCl0oC-27319p1077892r2023-02-23 00:00:00w2023-02-23yMONOGRAFIA